| 000 | 00625nam a2200229Ia 4500 | ||
|---|---|---|---|
| 003 | OSt | ||
| 005 | 20221006164351.0 | ||
| 006 | a|||||r|||| 00| 0 | ||
| 007 | ta | ||
| 008 | 221006b |||||||| |||| 00| 0 hin d | ||
| 024 | _a4,207 | ||
| 037 | _cTextual | ||
| 040 |
_aFML _cFML _bhin |
||
| 041 |
_2hin _ahin |
||
| 082 | _aT4, Q1 | ||
| 100 |
_aGupta Asha Au. _9677272 |
||
| 245 | 0 | _aUcchatar Shiksha ke Badelte Aayaam | |
| 260 |
_aDelhi _bHindi Maadhyam Karyanvayan Nideshalaya Delhi University India _c2011 |
||
| 300 |
_a469 _ccm. |
||
| 942 |
_hT4, Q1 _cTEXL _2CC |
||
| 999 |
_c1117011 _d1117011 |
||